00548nam a22001697a 450000500170000001000150001702000260003203500130005803700130007108200120008410000190009624501280011525000110024326000350025427000600028930000290034920140306105657.0 aENG-108684 c250.00a9788121614894 aEN-92217 bDBAD/PUB a615.822 aShah, Ketan V. aAcupressure for total wellness :cby Ketan V. Shahba wellness manual that creates an awareness of acupressure and beyond / a5th ed aNew DelhibLife Positivec2013 aC-153, Okhla Industrial Area Phase-IbNew Delhie110020 a167p. :c23cm(pbk)bill.